Micro-wind turbines in urban environments (Record no. 107717)
[ view plain ]
| 000 -LEADER | |
|---|---|
| fixed length control field | 01396cam a22003135a 4500 |
| 001 - CONTROL NUMBER | |
| control field | L141639 |
| 008 - FIXED-LENGTH DATA ELEMENTS--GENERAL INFORMATION | |
| fixed length control field | 071207s2007 xxkd f 000 0 eng d |
| 020 ## - INTERNATIONAL STANDARD BOOK NUMBER | |
| International Standard Book Number | 9781848060210 |
| 035 ## - SYSTEM CONTROL NUMBER | |
| System control number | (Sirsi) u141639 |
| 041 0# - LANGUAGE CODE | |
| Language code of text/sound track or separate title | eng |
| 050 04 - LIBRARY OF CONGRESS CALL NUMBER | |
| Classification number | 621.45 $2 18 |
| 100 1# - MAIN ENTRY--PERSONAL NAME | |
| Personal name | Phillips, Richard |
| 245 00 - TITLE STATEMENT | |
| Title | Micro-wind turbines in urban environments |
| Remainder of title | an assessment |
| 260 ## - PUBLICATION, DISTRIBUTION, ETC. | |
| Place of publication, distribution, etc. | Garston |
| Name of publisher, distributor, etc. | BRE |
| Date of publication, distribution, etc. | 2007 |
| 300 ## - PHYSICAL DESCRIPTION | |
| Extent | 47p. |
| Dimensions | 30cm. |
| 350 ## - PRICE (NR) (BK AM CF MU VM SE) [OBSOLETE] | |
| Price | 30 |
| 520 ## - SUMMARY, ETC. | |
| Summary, etc. | Examines the likely effectiveness of small wind turbines mounted on domestic buildings in urban environments. Compares estimates of the environmental impact of the turbines manufacture, installation and maintenance with the impact saved by the electricity that could be expected to be generated during their useful life. Reveals that in addition to the initial embodied carbon and efficiency of the turbine, the payback period is very sensitive to local wind conditions, transport costs, and the maintenance requirements and service life of the turbines. |
| 521 2# - TARGET AUDIENCE NOTE | |
| Target audience note | Advanced |
| 590 ## - LOCAL NOTE (RLIN) | |
| Local note | KA |
| 651 #4 - SUBJECT ADDED ENTRY--GEOGRAPHIC NAME | |
| Geographic name | United Kingdom |
| Chronological subdivision | |
| 690 ## - LOCAL SUBJECT ADDED ENTRY--TOPICAL TERM (OCLC, RLIN) | |
| Topical term or geographic name as entry element | ENVIRONMENTAL AND LAND CONSULTANCY-ENERGY-RENEWABLE ENERGY |
| 700 1# - ADDED ENTRY--PERSONAL NAME | |
| Personal name | Blackmore, Paul |
| 700 1# - ADDED ENTRY--PERSONAL NAME | |
| Personal name | Anderson, Jane |
| 700 1# - ADDED ENTRY--PERSONAL NAME | |
| Personal name | Clift, Michael |
| 700 1# - ADDED ENTRY--PERSONAL NAME | |
| Personal name | Aguilo-Rullan, Antonio |
| 700 1# - ADDED ENTRY--PERSONAL NAME | |
| Personal name | Pester, Steve |
| 710 2# - ADDED ENTRY--CORPORATE NAME | |
| Corporate name or jurisdiction name as entry element | Building Research Establishment |
| Subordinate unit | Trust |
| 9 (RLIN) | 5092 |
| 942 ## - ADDED ENTRY ELEMENTS (KOHA) | |
| Suppress in OPAC | 0 |
| Withdrawn status | Lost status | Source of classification or shelving scheme | Damaged status | Not for loan | Home library | Current library | Shelving location | Date acquired | Cost, normal purchase price | Total Checkouts | Full call number | Barcode | Date last seen | Copy number | Cost, replacement price | Price effective from | Koha item type |
|---|---|---|---|---|---|---|---|---|---|---|---|---|---|---|---|---|---|
| Dewey Decimal Classification | London | London | Folio | 08/04/2008 | 25.50 | F621.45 PHI | 30074552 | 06/08/2019 | 1 | 25.50 | 06/08/2019 | Book |